| 000 | 00644nam a2200193Ia 4500 | ||
|---|---|---|---|
| 003 | GCL | ||
| 008 | 140319s9999 xx 000 0 ara d | ||
| 040 |
_aGCL / _cGCL |
||
| 082 | 0 | 4 |
_a913.03 _bا ق |
| 100 | 1 | _aانور عبدالعليم | |
| 245 | 1 | 0 |
_aقصة الانسان القديم وحضارته (هدية من الآديب عبدالفتاح الجمل) / _cانور عبدالعليم |
| 300 | _a127 | ||
| 490 |
_aالمكتبة الثقافية _v0 |
||
| 650 | 0 | 4 | _aالحضارة |
| 650 | 0 | 4 | _aالسلالات البشرية |
| 650 | 0 | 4 | _aالانثربولوجيا |
| 650 | 0 | 4 | _aالحضارة - تاريخ |
| 942 |
_2ddc _cBK |
||
| 999 |
_c40319 _d40319 |
||